000 05986cam a22014174i 4500
003 PE-LiUPU
005 20250813185524.0
008 150625s2006 pe a rb 000 0 spa d
020 _a997293909X
035 _a(Sirsi) i9789972939099
040 _aPE-LiUPU
_bspa
_cPE-LiUPU
_erda
049 _aPRUA
082 0 4 _a376.5
_bP62 2006
082 0 4 _a376.5
_bP62
_221
100 1 _aPiscoya Hermoza, Luis Adolfo,
_eautor.
245 1 0 _aFormación universitaria vs. mercado laboral /
_cLuis Adolfo Piscoya Hermoza.
264 1 _aLima :
_bAsamblea Nacional de Rectores,
_c2006.
300 _a310 páginas :
_bilustraciones ;
_c28 centímetros
336 _atext
_2rdacontent
337 _aunmediated
_2rdamedia
338 _avolume
_2rdacarrier
500 _aInforme a la Asamblea Nacional de Rectores.
505 0 _aAnálisis e interpretación de datos. -Carreras y títulos universitarios. -Escolaridad universitaria de la población peruana. -Demanda de educación universitaria. -Ingresantes (oferta de acceso). -Matrícula universitaria (población estudiantil). -Titulados universitarios. -Profesionales colegiados. -Mercado laboral: PEA. -Mercado laboral: Preferencias empresariales. -Tendencias de la inversión pública y privada. -Información en tablas estadísticas.
526 _aP202
526 _aP201
526 _aP163
526 _aP162
526 _aP161
526 _aP160
526 _aP148
526 _aP147
526 _aP146
526 _aP145
526 _aP144
526 _aP143
526 _aP142
526 _aP141
526 _aP140
526 _aP139
526 _aP138
526 _aP137
526 _aP136
526 _aP135
526 _aP134
526 _aP133
526 _aP129
526 _aP128
526 _aP127
526 _aP120
526 _aP119
526 _aP118
526 _aP116
526 _aP115
526 _aP114
526 _aP110
526 _aP109
526 _aP108
526 _aP104
526 _aP103
526 _aP102
526 _aP99
526 _aP98
526 _aP97
526 _aP96
526 _aP95
526 _aP93
526 _aP90
526 _aP89
526 _aP88
526 _aP83
526 _aP82
526 _aP62
526 _aP59
526 _aP58
526 _aP57
526 _aP51
526 _aP49
526 _aP48
526 _aP47
526 _aP29
526 _aP24
526 _aP20
526 _aP19
526 _aP17
526 _aP15
526 _aP14
526 _aP12
526 _aP10
526 _aP09
526 _aP08
526 _aP07
526 _aP06
526 _aP05
526 _aP04
526 _aP01
650 0 4 _aAdministración de empresas
_xEstudio y enseñanza.
650 0 4 _aEducación superior y desarrollo económico.
650 0 4 _aEducación superior y empresas.
942 _2ddc
_cBOOK
949 _a331.712 P62 2006
_wDEWEY
_c1
_iFJ03989
_lCCODEBUJ1
_mBUJ
_p18.00
_r0
_sY
_tBOOK
_u2015-10-2
_xEDUCACION
_PP20
_0DONACION
_o.STAFF. Colección General Juliaca
949 _a331.712 P62 2006
_wDEWEY
_c2
_iFJ03990
_lCCODEBUJ1
_mBUJ
_p18.00
_r0
_sY
_tBOOK
_u2015-10-6
_xEDUCACION
_PP20
_0COMPRA
_o.STAFF. Colección General Juliaca
949 _a331.712 P62 2006
_wDEWEY
_c3
_iFJ03991
_lCCODEBUJ1
_mBUJ
_p18.00
_r0
_sY
_tBOOK
_u2015-10-6
_xEDUCACION
_PP20
_0COMPRA
_o.STAFF. Colección General Juliaca
949 _a331.712 P62 2006
_wDEWEY
_c4
_iFJ03992
_lCCODEBUJ1
_mBUJ
_p18.00
_r0
_sY
_tBOOK
_u2015-10-6
_xEDUCACION
_PP20
_0COMPRA
_o.STAFF. Colección General Juliaca
949 _a331.712 P62 2006
_wDEWEY
_c5
_iFJ03993
_lCCODEBUJ1
_mBUJ
_p18.00
_r0
_sY
_tBOOK
_u2015-10-7
_xEDUCACION
_PP20
_0COMPRA
_o.STAFF. Colección General Juliaca
949 _a331.712 P62 2006
_wDEWEY
_c6
_iFJ03994
_lCCODEBUJ1
_mBUJ
_p18.00
_r0
_sY
_tBOOK
_u2015-10-19
_xEDUCACION
_PP20
_0COMPRA
_o.STAFF. Colección General Juliaca
949 _a376.5 P62
_wDEWEY
_c1
_i62864
_lCCODEBUL1
_mBUL
_p22.00
_r0
_sY
_tBOOK
_u2015-6-25
_xEDUCACION
_zUNKNOWN
_0COMPRA
_o.STAFF. Colección General
949 _a376.5 P62
_wDEWEY
_c2
_i57212
_d2016-3-3
_e2016-3-3
_lCCODEBUL1
_mBUL
_n1
_p22.00
_r0
_sY
_tBOOK
_u2015-6-25
_xEDUCACION
_zUNKNOWN
_0COMPRA
_o.STAFF. Colección General
994 _aC0
_bPEPRU
596 _a1 3
999 _a376.5 P62
_wDEWEY
_c46312
_i62864
_f2021-11-8
_g5
_lCCODEBUL1
_mBUL
_p22.00
_r0
_sY
_tBOOK
_u2015-6-25
_xEDUCACION
_zUNKNOWN
_0COMPRA
_o.STAFF. Colección General
_d46312
999 _a376.5 P62
_wDEWEY
_c2
_i57212
_d2016-3-3
_e2016-3-3
_f2021-11-8
_g5
_lCCODEBUL1
_mBUL
_n1
_p22.00
_r0
_sY
_tBOOK
_u2015-6-25
_xEDUCACION
_zUNKNOWN
_0COMPRA
_o.STAFF. Colección General
999 _a331.712 P62 2006
_wDEWEY
_c1
_iFJ03989
_f2022-1-18
_g4
_lCCODEBUJ1
_mBUJ
_p18.00
_r0
_sY
_tBOOK
_u2015-10-2
_xEDUCACION
_PP20
_0DONACION
_o.STAFF. Colección General Juliaca
999 _a331.712 P62 2006
_wDEWEY
_c2
_iFJ03990
_f2022-1-18
_g4
_lCCODEBUJ1
_mBUJ
_p18.00
_r0
_sY
_tBOOK
_u2015-10-6
_xEDUCACION
_PP20
_0COMPRA
_o.STAFF. Colección General Juliaca
999 _a331.712 P62 2006
_wDEWEY
_c3
_iFJ03991
_f2022-1-18
_g4
_lCCODEBUJ1
_mBUJ
_p18.00
_r0
_sY
_tBOOK
_u2015-10-6
_xEDUCACION
_PP20
_0COMPRA
_o.STAFF. Colección General Juliaca
999 _a331.712 P62 2006
_wDEWEY
_c4
_iFJ03992
_f2022-1-18
_g4
_lCCODEBUJ1
_mBUJ
_p18.00
_r0
_sY
_tBOOK
_u2015-10-6
_xEDUCACION
_PP20
_0COMPRA
_o.STAFF. Colección General Juliaca
999 _a331.712 P62 2006
_wDEWEY
_c5
_iFJ03993
_f2022-1-18
_g4
_lCCODEBUJ1
_mBUJ
_p18.00
_r0
_sY
_tBOOK
_u2015-10-7
_xEDUCACION
_PP20
_0COMPRA
_o.STAFF. Colección General Juliaca
999 _a331.712 P62 2006
_wDEWEY
_c6
_iFJ03994
_f2022-1-18
_g4
_lCCODEBUJ1
_mBUJ
_p18.00
_r0
_sY
_tBOOK
_u2015-10-19
_xEDUCACION
_PP20
_0COMPRA
_o.STAFF. Colección General Juliaca
980 _81
_gALBERTO SANCHEZ Responsable de Automatización